Democratic transitions in East Africa / (Record no. 1698)
[ view plain ]
| 000 -LEADER | |
|---|---|
| fixed length control field | 01716cam a22003134a 4500 |
| 001 - CONTROL NUMBER | |
| control field | 13695181 |
| 003 - CONTROL NUMBER IDENTIFIER | |
| control field | OSt |
| 005 - DATE AND TIME OF LATEST TRANSACTION | |
| control field | 20230620121445.0 |
| 008 - FIXED-LENGTH DATA ELEMENTS--GENERAL INFORMATION | |
| fixed length control field | 040823s2004 enk b 001 0 eng |
| 010 ## - LIBRARY OF CONGRESS CONTROL NUMBER | |
| LC control number | 2004020005 |
| 020 ## - INTERNATIONAL STANDARD BOOK NUMBER | |
| International Standard Book Number | 075464278X (alk. paper) |
| 040 ## - CATALOGING SOURCE | |
| Original cataloging agency | DLC |
| Transcribing agency | DLC |
| Modifying agency | DLC |
| 042 ## - AUTHENTICATION CODE | |
| Authentication code | pcc |
| 043 ## - GEOGRAPHIC AREA CODE | |
| Geographic area code | fe----- |
| 082 00 - DEWEY DECIMAL CLASSIFICATION NUMBER | |
| Classification number | 320.96 |
| Item number | KAI |
| 245 00 - TITLE STATEMENT | |
| Title | Democratic transitions in East Africa / |
| Statement of responsibility, etc. | by Paul J. Kaiser and F. Wafula Okumu. |
| 260 ## - PUBLICATION, DISTRIBUTION, ETC. (IMPRINT) | |
| Place of publication, distribution, etc. | Aldershot, Hants, England ; |
| -- | Burlington, VT, USA : |
| Name of publisher, distributor, etc. | Ashgate, |
| Date of publication, distribution, etc. | c2004. |
| 300 ## - PHYSICAL DESCRIPTION | |
| Extent | xiii, 229 p. ; |
| Dimensions | 24 cm. |
| 504 ## - BIBLIOGRAPHY, ETC. NOTE | |
| Bibliography, etc | Includes bibliographical references (p. [210]-215) and index. |
| 505 0# - FORMATTED CONTENTS NOTE | |
| Formatted contents note | The challenge of democratic transition in East Africa / Paul J. Kaiser and F. Wafula Okumu -- The history of an ideal / Thomas Burgess -- Political parties and party systems / Dean E. McHenry, Jr. -- Political leadership / Joshua B. Rubongoya -- Constitutional reform / Stephen Ndegwa and Ryan E. Letourneau -- Civil society / Samuel A. Nyanchoga -- Structural adjustment and economic reform / Stephen F. Burgess -- International context / Bruce Heilman and Laurean Ndumbaro -- The crisis of legitimacy, representation, and state hegemony / Earl Conteh-Morgan. |
| 650 #0 - SUBJECT ADDED ENTRY--TOPICAL TERM | |
| Topical term or geographic name as entry element | Democratization |
| Geographic subdivision | Africa, East. |
| 651 #0 - SUBJECT ADDED ENTRY--GEOGRAPHIC NAME | |
| Geographic name | Africa, East |
| General subdivision | Politics and government. |
| 700 1# - ADDED ENTRY--PERSONAL NAME | |
| Personal name | Kaiser, Paul J. |
| 700 1# - ADDED ENTRY--PERSONAL NAME | |
| Personal name | Okumu, F. Wafula. |
| 856 41 - ELECTRONIC LOCATION AND ACCESS | |
| Materials specified | Table of contents |
| Uniform Resource Identifier | <a href="http://www.loc.gov/catdir/toc/ecip0422/2004020005.html">http://www.loc.gov/catdir/toc/ecip0422/2004020005.html</a> |
| 906 ## - LOCAL DATA ELEMENT F, LDF (RLIN) | |
| a | 7 |
| b | cbc |
| c | orignew |
| d | 1 |
| e | ecip |
| f | 20 |
| g | y-gencatlg |
| 942 ## - ADDED ENTRY ELEMENTS (KOHA) | |
| Source of classification or shelving scheme | Dewey Decimal Classification |
| Koha item type | Books |
| Withdrawn status | Lost status | Source of classification or shelving scheme | Damaged status | Not for loan | Home library | Current library | Date acquired | Total Checkouts | Full call number | Barcode | Date last seen | Price effective from | Koha item type |
|---|---|---|---|---|---|---|---|---|---|---|---|---|---|
| Dewey Decimal Classification | County Hall Archives | County Hall Archives | 06/20/2023 | 320.96 KAI | 10000948 | 06/20/2023 | 06/20/2023 | Books |
